|
|
|
|
| LEADER |
00000nam0a2200000 4500 |
| 001 |
364715 |
| 005 |
20231102011721.0 |
| 035 |
|
|
|a (RuTPU)RU\TPU\retro\22073
|
| 090 |
|
|
|a 364715
|
| 100 |
|
|
|a 20211125d1981 m y0rusy50 ca
|
| 101 |
0 |
|
|a rus
|
| 102 |
|
|
|a RU
|
| 105 |
|
|
|a a z 001zy
|
| 200 |
1 |
|
|a Десять пятилеток Москвы. Коммунисты столицы в борьбе за осуществление пятилетних планов развития народного хозяйства СССР
|e сборник
|
| 210 |
|
|
|a Москва
|c Московский рабочий
|d 1981
|
| 215 |
|
|
|a 416 с.
|c ил.
|
| 320 |
|
|
|a Указатели: с. 395-412
|
| 606 |
1 |
|
|a Партийные организации и их работа
|x Республики
|x Края
|x Области
|2 stltpush
|3 (RuTPU)RU\TPU\subj\48345
|9 67217
|
| 606 |
1 |
|
|a Москва
|x Экономика
|2 stltpush
|3 (RuTPU)RU\TPU\subj\36453
|9 57820
|
| 610 |
1 |
|
|a пятилетний план
|
| 610 |
1 |
|
|a пятилетки
|
| 610 |
1 |
|
|a экономическое развитие
|
| 610 |
1 |
|
|a народное хозяйство
|
| 610 |
1 |
|
|a СССР
|
| 610 |
1 |
|
|a коммунисты
|
| 610 |
1 |
|
|a партийное руководство
|
| 686 |
|
|
|a Ф61(2...)
|v LBC/SL-A
|2 rubbk
|
| 686 |
|
|
|a У9(2-2М)
|v LBC/SL-A
|2 rubbk
|
| 702 |
|
1 |
|a Пономарев
|b А. Н.
|4 340
|
| 712 |
0 |
2 |
|a Институт марксизма-ленинизма
|c (Москва)
|c (1956-1991)
|2 stltpush
|3 (RuTPU)RU\TPU\col\4702
|9 24006
|
| 801 |
|
1 |
|a RU
|b 63413507
|c 20211125
|
| 942 |
|
|
|c BK
|